| 000 | 00709nam a22002297a 4500 | ||
|---|---|---|---|
| 008 | 181130b xxu||||| |||| 00| 0 eng d | ||
| 020 | _a978-0-8077-5536-5 | ||
| 082 |
_a371.9 _bB161u |
||
| 100 | _aBaines, AnnMarie D. | ||
| 245 | _aUn learning disability; recognizing and changing restrictive views of student ability.- | ||
| 260 |
_aNew York: _bTeachers College Press, _c2014 |
||
| 300 | _bxiv, 175p. | ||
| 490 | _aDisability, culture and equity series) | ||
| 504 | _aBibliography: p. 159-167 | ||
| 650 |
_aLearning disabilities _95882 |
||
| 650 | _aStudents | ||
| 650 | _aPsychology | ||
| 650 | _aMental disabilities | ||
| 650 | _aEducation | ||
| 650 | _aStudent evaluation | ||
| 942 |
_2ddc _cGEN |
||
| 999 |
_c83957 _d83946 |
||